000
00325 a2200145 4500
001
152756
040
_c
Escola São Tomás de Aquino
100
_a
SARARY, Flávia
240
1
0
_a
Vinte cantos de sereia
_l
por
245
1
0
_a
Vinte cantos de sereia
362
0
_a
2012
440
1
_a
Dimensão
697
_a
Poesia
942
_c
BK
999
_c
152756
_d
152756